banner-ar

المرجع فى فنون المحاماه / (Record no. 62065)

MARC details
000 -الفاتح
حقل البيانات ثابتة الطول 00861nam a22002297a 4500
005 - وقت وتاريخ اخر تعامل مع التسجيلة
رقم الضبط 20240530110530.0
008 - عناصر البيانات ثابتة الطول - معلومات عامة
حقل البيانات ثابتة الطول 160316s2013 ua a g b 000 0 ara d
020 ## - الرقم الدولى المعيارى للكتب
الرقم الدولى المعيارى للكتاب 9789776264441
040 ## - مصدر الفهرسة
وكالة الفهرسة الأصلية EG-CaGPL
082 04 - رقم تصنيف ديوى العشرى
رقم الطبعة 21
رقم التصنيف 347.072\
رقم المادة ى م
100 0# - المدخل الرئيسى - إسم شخصى
الإسم الشخصى يوسف ربيع .
245 12 - بيان العنوان
العنوان المرجع فى فنون المحاماه /
بيان المسئوليه,etc يوسف ربيع ، ايهاب عبدالمطلب .
250 ## - بيان الطبعة
بيان الطبعة ط1.
260 ## - PUBLICATION, DISTRIBUTION, ETC. (IMPRINT)
تاريخ النشر أو التوزيع 2013 .
300 ## - الوصف المادى
التعداد 3 ج ؛
أبعاد الوعاء 24 سم .
650 04 - المدخل الاضافى بالموضوع-مصطلح موضوعى
مصطلح موضوعي قانون المرافعات
التقسيم الفرعي الجغرافي مصر .
650 04 - المدخل الاضافى بالموضوع-مصطلح موضوعى
مصطلح موضوعي الدعوى الجنائية .
650 04 - المدخل الاضافى بالموضوع-مصطلح موضوعى
مصطلح موضوعي الشركات
التقسيم الفرعي العام قوانين و تشريعات .
700 0# - المدخل الاضافى - اسم شخصى
الإسم الشخصى ايهاب عبدالمطلب
الدور مؤلف مشارك .
942 ## - عناصر المدخل الإضافي( كوها)
مصدر التصنيف او مخطط الترفيف Dewey Decimal Classification
Koha [default] item type كتاب
260 ## - PUBLICATION, DISTRIBUTION, ETC. (IMPRINT)
-- القاهرة :
-- المركز القومى لاصدارات القانونية ،
Holdings
حالة التراجع حالة الفقد حالة تلف ليس للاعارة المكان المؤقت الموقع الحالى تاريخ الاكتساب اجمالي اﻻعارات رقم الطلب الباركود تاريخ اخر مشاهدة تاريخ تفعيل السعر نوع وعاء كوها
        مكتبة القاهرة الكبرى مكتبة القاهرة الكبرى 03/16/2016   347.072\ ى م 161584 03/16/2016 03/16/2016 كتاب
        مكتبة القاهرة الكبرى مكتبة القاهرة الكبرى 03/16/2016   347.072\ ى م 161585 03/16/2016 03/16/2016 كتاب
        مكتبة القاهرة الكبرى مكتبة القاهرة الكبرى 03/16/2016   347.072\ ى م 161586 03/16/2016 03/16/2016 كتاب

Powered By

EGPV